Регионална библиотека "Любен Каравелов" - Русе

Морските приключения на барон Мюнхаузен (Запис номер 169419)

MARC детайли
000 -Лидер
Контролно поле с фиксирана дължина 01761nam a2200397 c 4500
003 - Код на организацията, давaща контролен номер
Контролно поле BLK
005 - Дата и час на последна редакция
Контролно поле 20250228111731.0
008 - Елементи от данни с фиксирана дължина
fixed length control field 180411b bul|||||r ||||||| ||bul||
010 ## - Наследен системен номер
LC control number KNG00177430000
020 ## - Международен стандартен номер на книга ISBN
Международен стандартен номер на книга ISBN 978-954-340-345-5
-- издат.: New Media Group
040 ## - Източник на каталожния запис
Идентификатор на билиотеката - собственик на записа BLK
041 ## - Код за език
Код за езика на текст/звукозапис или на отделно заглавие Български
Код за езика КДБФ Български
072 #7 - Код за тематичната категория
Код организация bullib
Код за тематична категория Н85
Текст Детска художествена литература Н
080 ## - УДК
Текстов определител УДК Немска литература
УДК код - определител по УДК 821.112.2
УДК определител -93-34
УДК - код + определител 821.112.2-93-34
100 1# - Редна дума - Автор
Автор Распе, Рудолф Ерих
Авторска отговорност първи автор
R(LIN) 115325
139 ## - Редно поле
Редна дума Распе, Рудолф Ерих
Авторски знак Рас - Р 38
245 10 - Сведения за заглавието
Заглавие Морските приключения на барон Мюнхаузен
Редно поле (дума) Рудолф Ерих Распе; прев. Веселина Маринова Стоянова; ил. Михаил Андреевич Саморезов.
257 ## - Страна на издаване
Страна на създаване/издаване Германия
260 ## - Област на издателските данни
-- София
Име на издателя, разпространителя и проч. New Media Group
Година на издаване 2014
Печатница София : Алианс принт
300 ## - Физическа характеристика
Страници 32 с.
Илюстрации и др. с цв. ил.
Размери/Мащаб 20 см
380 ## - Жанр
Жанр Детска худож. лит.
490 1# - СЕРИИ (Колекции)
Име на серия Детство мое : Вълшебни приказки в картинки
№: серия 112
500 ## - Общи забележки
Забележка Без сведение за ориг. загл.
653 ## - Ключова дума – ненормативна
Ключова дума приказки
653 ## - Ключова дума – ненормативна
Ключова дума литература за деца
653 ## - Ключова дума – ненормативна
Ключова дума детска литература
659 ## - Тематичен бюлетин
Тематичен бюлетин Н
700 1# - Други автори (авторска отговорност)
Лично име Стоянова, Веселина Маринова
Автороска отговорност (Описва отношението между автора и произведението) прев.
9 (RLIN) 371058
700 1# - Други автори (авторска отговорност)
Лично име Саморезов, Михаил Андреевич
Автороска отговорност (Описва отношението между автора и произведението) ил.
9 (RLIN) 118686
852 ## - Местоположение
Форматна сигнатура Цб 275077
856 4# - Електронен адрес и достъп
Електронен формат pdf - файл
Път до файла /url/
856 4# - Електронен адрес и достъп
Електронен формат pdf - файл
Път до файла /url/
942 ## - АРТИКУЛИ
Вид на библиотечния материал Книги
Скрит в OPAC Не
Koha issues (borrowed), all copies 2
944 ## - СЪЗДАВАНЕ И РЕДАКЦИЯ на ЗАПИСА
Създаване/Редакция Създаване
Дата на регистрацията/редакция 30.06.2015
Статус, дата на статуса Анна Гръцманова
Служител, извършил регистрацията/редакцията 30564
944 ## - СЪЗДАВАНЕ И РЕДАКЦИЯ на ЗАПИСА
Създаване/Редакция Редакция
Дата на регистрацията/редакция 07.02.2018
Статус, дата на статуса ф /
Служител, извършил регистрацията/редакцията Людмила_Стоянова
999 ## - СИСТЕМНИ КОНТРОЛНИ НОМЕРА
Koha biblionumber 169419
Koha biblioitemnumber 169419
Наличности
Код за отписване Код за изгубен артикул Код за повреда Коз за рестрикции Код за отдаване Артикулен № Име на библиотеката - собственик Име на библиотеката, в която се намира в момента Статус (Текущо местоположение) Дата на вписване в системата Местоположение - отдел Цена в лева Инвентарен номер Систематично азбучна сигнатура Баркод Номер на екземпляра Цена в евро Служебна бележка Служебен тип на артикула
  Не е изгубен Не е повреден без рестрикции ползва се в читалня 286465 Регионална библиотека "Любен Каравелов" Русе Регионална библиотека "Любен Каравелов" Русе Хранилище 2015-06-29 Хранилище 3.00 120000789436 Цб 275077 120000789436 1 1.53 Дост: Dp Вид: Д N: 6 Дата: 30.01.2015 Книги
  Не е изгубен Не е повреден без рестрикции заемане за дома 286466 Регионална библиотека "Любен Каравелов" Русе Регионална библиотека "Любен Каравелов" Русе Детски отдел 2017-12-09 Детски отдел 3.00 120000817781 ДХ 820/899/Р 38 120000817781 2 1.53 Дост: DA Вид: А N: 43 Дата: 09.12.2017 Книги
Vip Innovations Ltd, Rousse, Bulgaria 2025